000 00439nam a22001697a 4500
005 20180816120021.0
008 160623b xxu||||| |||| 00| 0 eng d
020 _a81-7808-602-6
041 _aeng
082 _b9074
_a658.4012
100 _aWheelen, Thomas L and Hunger, J David
_94826
245 _a Management and Business policy
260 _aDelhi
_bPearson Education
300 _a354p,
650 _aManagement
_9241
942 _cBK
999 _c3637
_d3636